[Event "Madrid-ch U16"]
[Site "Madrid"]
[Date "2022.04.03"]
[Round "2"]
[White "Ortega Sanchez Montanez, Marcos"]
[Black "Karunanithi, Bharath"]
[Result "0-1"]
[WhiteElo "1384"]
[BlackElo "1676"]
[PlyCount "80"]
[EventDate "2022.04.02"]
[EventType "swiss"]
[EventRounds "6"]
[EventCountry "ESP"]
[SourceTitle "EXT 2024"]
[Source "ChessBase"]
[SourceDate "2023.10.10"]
[SourceVersion "1"]
[SourceVersionDate "2023.10.10"]
[SourceQuality "1"]

1. d4 Nf6 2. c4 e6 3. Nf3 b6 4. Bg5 Bb4+ 5. Nc3 Bb7 6. e3 h6 7. Bxf6 Qxf6 8. Be2 Bxc3+ 9. bxc3 c5 10. Qc2 Nc6 11. Rd1 Na5 12. d5 Ba6 13. dxe6 fxe6 14. Nd2 0-0 15. 0-0 d5 16. Nf3 Bxc4 17. Rc1 Bxe2 18. Qxe2 Nc4 19. e4 Ne5 20. Nxe5 Qxe5 21. Rfe1 Rae8 22. exd5 Qxe2 23. Rxe2 exd5 24. Kf1 Rxe2 25. Kxe2 Re8+ 26. Kf3 Kf7 27. Rc2 Kf6 28. Rd2 Re5 29. g4 g5 30. Kg3 Ke6 31. h4 Re1 32. hxg5 hxg5 33. Rb2 Ke5 34. Kf3 Re4 35. Rb3 Rf4+ 36. Kg3 Ke4 37. Ra3 Rf7 38. Rb3 Kd3 39. f3 c4 40. Ra3 Ke3 0-1

[Event "San Sebastian Constitucion op"]
[Site "San Sebastian de los Reyes"]
[Date "2021.12.08"]
[Round "5"]
[White "Karunanithi, Bharath"]
[Black "Olias Rincon, Raul"]
[Result "1-0"]
[WhiteElo "1683"]
[BlackElo "1375"]
[PlyCount "97"]
[EventDate "2021.12.04"]
[EventType "swiss"]
[EventRounds "8"]
[EventCountry "ESP"]
[SourceTitle "CBM 206 Extra"]
[Source "ChessBase"]
[SourceDate "2022.03.31"]
[SourceVersion "1"]
[SourceVersionDate "2022.03.31"]
[SourceQuality "1"]

1. e4 e5 2. Nf3 Nc6 3. Bc4 Nf6 4. d3 Bc5 5. c3 0-0 6. 0-0 d6 7. Nbd2 a5 8. Bb3 Re8 9. h3 Be6 10. a4 Bxb3 11. Qxb3 Bb6 12. Re1 Ne7 13. Nf1 h6 14. Ng3 Qd7 15. Nh4 Qe6 16. Qd1 d5 17. Ngf5 dxe4 18. dxe4 Nxe4 19. Nxe7+ Qxe7 20. Rxe4 Rad8 21. Qg4 Qf6 22. Nf5 h5 23. Qxh5 g6 24. Rg4 Rd1+ 25. Kh2 Bxf2 26. Rxg6+ Qxg6 27. Nh6+ Kg7 28. Qxd1 f5 29. Qd7+ Kf8 30. Nxf5 Qf7 31. Bh6+ Kg8 32. Qxf7+ Kxf7 33. Rf1 Bg1+ 34. Kxg1 Kg6 35. g4 e4 36. h4 e3 37. h5+ Kh7 38. g5 e2 39. g6+ Kg8 40. Re1 Re5 41. Rxe2 Rxe2 42. Bg7 Re6 43. Kf2 c6 44. Kf3 b5 45. Kf4 bxa4 46. Kg5 Re1 47. h6 Rg1+ 48. Kf6 Rh1 49. Ne7# 1-0

[Event "Madrid-ch U16"]
[Site "Madrid"]
[Date "2021.04.17"]
[Round "1"]
[White "Ruiz Buendia, Miguel"]
[Black "Karunanithi, Bharath"]
[Result "1-0"]
[WhiteElo "2068"]
[BlackElo "1751"]
[PlyCount "82"]
[EventDate "2021.04.17"]
[EventType "swiss"]
[EventRounds "5"]
[EventCountry "ESP"]
[SourceTitle "EXT 2023"]
[Source "ChessBase"]
[SourceDate "2022.10.05"]
[SourceVersion "1"]
[SourceVersionDate "2022.10.05"]
[SourceQuality "1"]

1. e4 c5 2. Nf3 d6 3. d4 cxd4 4. Nxd4 Nf6 5. Nc3 a6 6. h3 e5 7. Nb3 Be6 8. f4 Nc6 9. f5 Bd7 10. g4 b5 11. a3 h6 12. Be3 Be7 13. Qd2 Rb8 14. Be2 Bc8 15. 0-0-0 Bb7 16. Bf3 b4 17. axb4 Nxb4 18. h4 h5 19. g5 Nd7 20. Kb1 Bc6 21. Nd5 Bxd5 22. exd5 a5 23. c3 Na6 24. Be2 Rxb3 25. Bxa6 Qa8 26. Bc4 Rb7 27. Qe2 a4 28. Ka2 Qa5 29. Rh2 Nc5 30. Bxc5 Qxc5 31. Rf2 f6 32. Rg2 Kd7 33. Ba6 Rb6 34. Qc4 Qa5 35. Bb7 Rb8 36. Bc6+ Kd8 37. Qxa4 Qc5 38. Re1 Rc8 39. Re4 Rcxc6 40. dxc6 Rxc6 41. Rb4 Qd5+ 1-0

[Event "San Sebastian Reyes"]
[Site "San Sebastian de los Reyes"]
[Date "2020.12.10"]
[Round "6"]
[White "Karunanithi, Bharath"]
[Black "Hernandez Ramos, Alberto"]
[Result "0-1"]
[WhiteElo "1765"]
[BlackElo "2003"]
[PlyCount "78"]
[EventDate "2020.12.05"]
[EventType "tourn"]
[EventRounds "7"]
[EventCountry "ESP"]
[SourceTitle "EXT 2022"]
[Source "ChessBase"]
[SourceDate "2021.10.06"]
[SourceVersion "1"]
[SourceVersionDate "2021.10.06"]
[SourceQuality "1"]

1. e4 e5 2. Nf3 Nc6 3. Bc4 Nf6 4. d3 Bc5 5. c3 a6 6. Bb3 Ba7 7. 0-0 d6 8. Re1 h6 9. Nbd2 0-0 10. h3 Re8 11. Nf1 Ne7 12. Ng3 Ng6 13. Be3 c6 14. Bxa7 Rxa7 15. d4 Qc7 16. Qd2 Ra8 17. dxe5 dxe5 18. Nf5 Bxf5 19. exf5 Nf4 20. Qe3 e4 21. Nh2 N6d5 22. Qg3 e3 23. Bxd5 exf2+ 24. Qxf2 cxd5 25. Qd2 Re4 26. Rxe4 dxe4 27. Rf1 Qc5+ 28. Kh1 e3 29. Qe1 Nd3 30. Qe2 Nf2+ 31. Kg1 Re8 32. Ng4 Nxg4 33. hxg4 Qe5 34. Re1 Qg3 35. Kf1 Re4 36. Kg1 Rxg4 37. Rd1 Rh4 38. Rd8+ Kh7 39. Qf3 Qe1+ 0-1

[Event "Tres Cantos op 11th"]
[Site "Tres Cantos"]
[Date "2019.06.27"]
[Round "6"]
[White "Paarup, Torsten"]
[Black "Karunanithi, Bharath"]
[Result "1-0"]
[WhiteElo "1971"]
[BlackElo "1723"]
[PlyCount "109"]
[EventDate "2019.06.22"]
[EventType "swiss"]
[EventRounds "9"]
[EventCountry "ESP"]
[SourceTitle "CBM 195 Extra"]
[Source "ChessBase"]
[SourceDate "2020.05.31"]
[SourceVersion "1"]
[SourceVersionDate "2020.05.31"]
[SourceQuality "1"]

1. b3 e5 2. Bb2 Nc6 3. e3 Nf6 4. Nf3 d6 5. c4 e4 6. Nd4 Nxd4 7. Bxd4 Be7 8. Be2 0-0 9. 0-0 Bd7 10. d3 exd3 11. Bxd3 Bc6 12. Nc3 h6 13. Rc1 d5 14. Bxf6 Bxf6 15. Nxd5 Kh8 16. Nxf6 Qxf6 17. Qc2 Rad8 18. Rcd1 Rd7 19. Bf5 Rxd1 20. Rxd1 Rd8 21. Rxd8+ Qxd8 22. h3 Qf6 23. Qb1 Qd6 24. Qd3 Qf6 25. Qb1 Qd6 26. Bc2 Qf6 27. Bd3 a6 28. Be2 Qc3 29. Qd1 Qf6 30. Qd4 Qg5 31. Bf1 Kg8 32. h4 Qe7 33. Bd3 Kh8 34. b4 Qd7 35. Qxd7 Bxd7 36. e4 Kg8 37. c5 Kf8 38. f4 Ke7 39. Kf2 Be6 40. a3 Kd7 41. Ke3 Ke7 42. Kd4 Kf6 43. e5+ Ke7 44. f5 Bd7 45. g4 Ba4 46. g5 hxg5 47. hxg5 Bd1 48. Be4 c6 49. Ke3 f6 50. Kf4 Be2 51. Bc2 Bh5 52. Bb3 Bf7 53. Bxf7 Kxf7 54. e6+ Ke7 55. Kg4 1-0

[Event "Tres Cantos op 11th"]
[Site "Tres Cantos"]
[Date "2019.06.26"]
[Round "5"]
[White "Karunanithi, Bharath"]
[Black "Santamaria Baeza, Adolfo"]
[Result "1-0"]
[WhiteElo "1723"]
[BlackElo "1855"]
[PlyCount "81"]
[EventDate "2019.06.22"]
[EventType "swiss"]
[EventRounds "9"]
[EventCountry "ESP"]
[SourceTitle "CBM 195 Extra"]
[Source "ChessBase"]
[SourceDate "2020.05.31"]
[SourceVersion "1"]
[SourceVersionDate "2020.05.31"]
[SourceQuality "1"]

1. e4 e5 2. Nf3 Nc6 3. Bc4 Bc5 4. 0-0 h6 5. a4 a5 6. c3 Qf6 7. d4 Bb6 8. Na3 d6 9. dxe5 dxe5 10. Be3 Nge7 11. Bxb6 cxb6 12. Nb5 0-0 13. Nc7 Rb8 14. Nd5 Nxd5 15. exd5 Nd8 16. Qe2 Bg4 17. Qxe5 Bxf3 18. Qxf6 gxf6 19. gxf3 Rc8 20. Bd3 Re8 21. Rae1 Re5 22. c4 Rg5+ 23. Kh1 f5 24. Rg1 f6 25. Rxg5+ hxg5 26. Bxf5 Rb8 27. Re7 Kf8 28. Rh7 Kg8 29. Rc7 Kf8 30. d6 Nc6 31. d7 Rd8 32. Rxb7 Nd4 33. Bg6 Ke7 34. Be8 Nxf3 35. Rxb6 Ne5 36. Rb5 Nxc4 37. b3 Nd2 38. Kg2 Ra8 39. f3 Nb1 40. Rc5 Rb8 41. Rc8 1-0

[Event "San Sebastian de los Reyes op U2200 2nd"]
[Site "San Sebastian de los Reyes"]
[Date "2019.05.26"]
[Round "6"]
[White "Karunanithi, Bharath"]
[Black "Hernandez Ramos, Alberto"]
[Result "0-1"]
[WhiteElo "1723"]
[BlackElo "1958"]
[PlyCount "44"]
[EventDate "2019.05.11"]
[EventType "swiss"]
[EventRounds "6"]
[EventCountry "ESP"]
[SourceTitle "EXT 2024"]
[Source "ChessBase"]
[SourceDate "2023.10.10"]
[SourceVersion "1"]
[SourceVersionDate "2023.10.10"]
[SourceQuality "1"]

1. e4 e5 2. Nf3 Nc6 3. Bc4 Bc5 4. 0-0 Nf6 5. d3 d6 6. h3 h6 7. c3 Bb6 8. a4 0-0 9. b4 a6 10. Na3 Re8 11. Qe2 Be6 12. Ba2 Bxa2 13. Rxa2 d5 14. Nc2 Qd6 15. Bd2 dxe4 16. dxe4 Rad8 17. Na3 Nh5 18. Nc4 Ng3 19. Nxd6 Nxe2+ 20. Kh2 Rxd6 21. g3 Nxc3 22. Bxc3 Rd3 0-1

[Event "San Sebastian de los Reyes op U2200 2nd"]
[Site "San Sebastian de los Reyes"]
[Date "2019.05.18"]
[Round "3"]
[White "Gonzalez Morente, Jose A"]
[Black "Karunanithi, Bharath"]
[Result "0-1"]
[WhiteElo "1462"]
[BlackElo "1723"]
[PlyCount "104"]
[EventDate "2019.05.11"]
[EventType "swiss"]
[EventRounds "6"]
[EventCountry "ESP"]
[SourceTitle "EXT 2024"]
[Source "ChessBase"]
[SourceDate "2023.10.10"]
[SourceVersion "1"]
[SourceVersionDate "2023.10.10"]
[SourceQuality "1"]

1. d4 d5 2. Bf4 e6 3. Nf3 Nf6 4. e3 Nbd7 5. h3 b6 6. Nbd2 Bb7 7. Bd3 Bd6 8. Ne5 0-0 9. 0-0 Qe7 10. c3 h6 11. Qc2 Bxe5 12. Bxe5 Nxe5 13. dxe5 Nd7 14. Nf3 Nc5 15. Be2 Nd7 16. Rad1 c5 17. Rfe1 a6 18. Qd2 Rfd8 19. Qc2 Nf8 20. Nh2 Nd7 21. f4 c4 22. Rd4 Nc5 23. Nf3 Ne4 24. Nd2 Qh4 25. Nf3 Qf2+ 26. Kh2 Qxe3 27. Qc1 Qxc1 28. Rxc1 b5 29. Rcd1 Nc5 30. Ne1 a5 31. Nc2 Kf8 32. Ne3 Rdb8 33. g4 b4 34. f5 Na4 35. fxe6 fxe6 36. Rf1+ Ke7 37. Rdf4 Rf8 38. Rxf8 Rxf8 39. Rxf8 Kxf8 40. cxb4 axb4 41. b3 cxb3 42. axb3 Nc5 43. Bd1 Nd3 44. Nc2 Ke7 45. Be2 Nxe5 46. Nxb4 Nc6 47. Nd3 Ba6 48. Kg3 Nd4 49. Kf2 Bxd3 50. Bxd3 Nxb3 51. Ke3 e5 52. Bb1 Kd6 0-1

[Event "Madrid-ch U14"]
[Site "Madrid"]
[Date "2019.03.31"]
[Round "4"]
[White "Karunanithi, Bharath"]
[Black "Tenorio Garcia, Joel"]
[Result "1/2-1/2"]
[WhiteElo "1655"]
[BlackElo "1738"]
[PlyCount "57"]
[EventDate "2019.03.30"]
[EventType "swiss"]
[EventRounds "6"]
[EventCountry "ESP"]
[SourceTitle "EXT 2021"]
[Source "ChessBase"]
[SourceDate "2020.10.23"]
[SourceVersion "1"]
[SourceVersionDate "2020.10.23"]
[SourceQuality "1"]

1. e4 e5 2. Nf3 Nc6 3. Bc4 Bc5 4. 0-0 d6 5. d3 Nf6 6. a4 h6 7. c3 a6 8. h3 g5 9. Na3 g4 10. hxg4 Bxg4 11. b4 Bb6 12. Nc2 Nh5 13. Be3 Qf6 14. Bxb6 cxb6 15. Ne3 Rg8 16. Nd5 Qxf3 17. gxf3 Bxf3+ 18. Kh2 Bxd1 19. Nc7+ Kd7 20. Nxa8 Bf3 21. Nxb6+ Ke8 22. Rg1 Rf8 23. Rg3 Nxg3 24. Kxg3 Bh5 25. Nd5 f5 26. exf5 Rxf5 27. Rh1 Rg5+ 28. Kh2 Bf3 29. Rg1 1/2-1/2

[Event "Madrid-ch U14"]
[Site "Madrid"]
[Date "2019.03.31"]
[Round "3"]
[White "Lavayen Torres, Leonardo"]
[Black "Karunanithi, Bharath"]
[Result "0-1"]
[WhiteElo "1592"]
[BlackElo "1655"]
[PlyCount "126"]
[EventDate "2019.03.30"]
[EventType "swiss"]
[EventRounds "6"]
[EventCountry "ESP"]
[SourceTitle "EXT 2021"]
[Source "ChessBase"]
[SourceDate "2020.10.23"]
[SourceVersion "1"]
[SourceVersionDate "2020.10.23"]
[SourceQuality "1"]

1. e4 c5 2. Nf3 d6 3. d3 Nc6 4. g3 g6 5. Bg2 Bg7 6. 0-0 Nf6 7. Re1 e5 8. c3 0-0 9. Nbd2 Rb8 10. a4 a6 11. Nf1 h6 12. Be3 Be6 13. d4 cxd4 14. cxd4 exd4 15. Nxd4 Nxd4 16. Bxd4 Rc8 17. e5 dxe5 18. Bxe5 Qxd1 19. Raxd1 Rc4 20. b3 Rc2 21. Ne3 Ra2 22. Rb1 b5 23. axb5 axb5 24. Bc6 Bd7 25. Rec1 Bxc6 26. Rxc6 Ne4 27. Bxg7 Kxg7 28. Rc2 Rfa8 29. Rbb2 Rxb2 30. Rxb2 Nc5 31. Nd5 Ra1+ 32. Kg2 Nd3 33. Rd2 Ne1+ 34. Kh3 Rb1 35. b4 Nf3 36. Rc2 Ng5+ 37. Kg2 Ne4 38. Kf3 Nf6 39. Nc7 Rxb4 40. Rc5 Rb3+ 41. Kg2 b4 42. Rb5 Rb2 43. Na6 Ng4 44. h3 Nxf2 45. Rxb4 Rxb4 46. Nxb4 Ne4 47. Nd3 Kf6 48. Kf3 Ng5+ 49. Kg2 Kf5 50. Nf2 h5 51. h4 Ne4 52. Nd3 f6 53. Kf3 Nd6 54. Nf2 Nf7 55. Ke3 Ne5 56. Kd4 Ng4 57. Nd3 Nh2 58. Nf2 Nf1 59. Ne4 Nxg3 60. Nxg3+ Kg4 61. Ne4 f5 62. Nf6+ Kxh4 63. Ke5 Kg3 0-1

[Event "Collado Villalba op-B 35th"]
[Site "Collado Villalba"]
[Date "2018.08.27"]
[Round "4"]
[White "Karunanithi, Bharath"]
[Black "Bahillo Vallejo, Ignacio"]
[Result "1/2-1/2"]
[WhiteElo "1603"]
[BlackElo "1415"]
[PlyCount "64"]
[EventDate "2018.08.24"]
[EventType "swiss"]
[EventRounds "9"]
[EventCountry "ESP"]
[SourceTitle "CBM 186 Extra"]
[Source "ChessBase"]
[SourceDate "2018.08.24"]
[SourceVersion "1"]
[SourceVersionDate "2018.08.24"]
[SourceQuality "1"]

1. e4 d5 2. exd5 Qxd5 3. Nc3 Qa5 4. d4 c6 5. Nf3 Bg4 6. Be2 Nf6 7. 0-0 e6 8. h3 Bxf3 9. Bxf3 Bd6 10. Bd2 Qc7 11. Re1 0-0 12. Bg5 Nbd7 13. Qd2 Rfe8 14. Ne4 Be7 15. Nxf6+ Nxf6 16. Bxf6 Bxf6 17. c3 Rad8 18. Qc2 g6 19. a4 a5 20. Qb3 Rb8 21. Qc4 Qd6 22. Rad1 Red8 23. Rb1 Rdc8 24. Bg4 Qd5 25. Qxd5 cxd5 26. Be2 b6 27. Ba6 Rc7 28. Bb5 Rbc8 29. Re2 Re7 30. Rd1 Rec7 31. Ba6 Ra8 32. Bb5 Rac8 1/2-1/2

[Event "Madrid-ch U12"]
[Site "Madrid"]
[Date "2018.04.14"]
[Round "1"]
[White "Karunanithi, Bharath"]
[Black "Torres Rebolledo, Victor"]
[Result "1-0"]
[WhiteElo "1581"]
[BlackElo "1368"]
[PlyCount "109"]
[EventDate "2018.04.14"]
[EventType "swiss"]
[EventRounds "6"]
[EventCountry "ESP"]
[SourceTitle "EXT 2019"]
[Source "ChessBase"]
[SourceDate "2018.10.10"]
[SourceVersion "1"]
[SourceVersionDate "2018.10.10"]
[SourceQuality "1"]

1. e4 e5 2. Nf3 Nc6 3. Bc4 Bc5 4. c3 Bb6 5. d4 d6 6. dxe5 Nxe5 7. Nxe5 dxe5 8. Bxf7+ Ke7 9. Qxd8+ Kxd8 10. Bg5+ Nf6 11. 0-0 h6 12. Bxf6+ gxf6 13. Nd2 Ke7 14. Bb3 Be6 15. Bxe6 Kxe6 16. Nc4 Rad8 17. Nxb6 axb6 18. Rad1 Rd6 19. Rxd6+ cxd6 20. Rd1 Rc8 21. f3 Rc5 22. Kf2 b5 23. a3 Rc8 24. Rd5 Rc5 25. Rxc5 dxc5 26. Ke3 b6 27. f4 Ke7 28. Kf3 Kf7 29. Kg4 c4 30. fxe5 Ke6 31. exf6 Kxf6 32. Kf4 Ke6 33. e5 h5 34. h4 Ke7 35. g4 hxg4 36. Kxg4 Ke6 37. Kf4 Kf7 38. h5 Kg7 39. Kg5 Kg8 40. e6 b4 41. axb4 Kf8 42. Kf6 Ke8 43. e7 b5 44. h6 Kd7 45. Kf7 Kd6 46. e8Q Kd5 47. Qd7+ Ke4 48. Kf6 Ke3 49. Qd4+ Ke2 50. Kf5 Kf3 51. Qe4+ Kf2 52. Kf4 Kg1 53. Qe2 Kh1 54. Kg3 Kg1 55. Qe1# 1-0

[Event "Madrid Tajamar Easter op-B"]
[Site "Madrid"]
[Date "2018.03.26"]
[Round "6"]
[White "Cuesta Moscoso, Alvaro"]
[Black "Karunanithi, Bharath"]
[Result "1-0"]
[WhiteElo "1281"]
[BlackElo "1702"]
[PlyCount "105"]
[EventDate "2018.03.22"]
[EventType "swiss"]
[EventRounds "7"]
[EventCountry "ESP"]
[SourceTitle "EXT 2019"]
[Source "ChessBase"]
[SourceDate "2018.10.10"]
[SourceVersion "1"]
[SourceVersionDate "2018.10.10"]
[SourceQuality "1"]

1. e4 c5 2. Nf3 d6 3. Bb5+ Bd7 4. Bxd7+ Nxd7 5. c4 Ngf6 6. Nc3 a6 7. d4 cxd4 8. Nxd4 g6 9. f3 Bg7 10. Be3 0-0 11. Qd2 Rc8 12. b3 Nc5 13. 0-0 Kh8 14. Rfd1 h5 15. Nd5 Nxd5 16. exd5 Kh7 17. Rac1 Nd7 18. Qf2 Ne5 19. Qh4 Bf6 20. Bg5 Bxg5 21. Qxg5 f6 22. Qh4 Qb6 23. Qh3 Nf7 24. Kf1 Ng5 25. Qh4 Rce8 26. g4 Kg7 27. gxh5 Rh8 28. f4 Rxh5 29. Qg3 e5 30. fxg5 exd4 31. gxf6+ Kxf6 32. Rc2 Ree5 33. Qd3 Rhf5+ 34. Rf2 Rxf2+ 35. Kxf2 Rf5+ 36. Kg2 Rf4 37. Qd2 g5 38. Rf1 Kf5 39. Rxf4+ gxf4 40. Kf3 Qc5 41. Qxf4+ Kg6 42. h4 d3 43. Qe4+ Kf6 44. Qxd3 Qc8 45. Qd4+ Ke7 46. Qe4+ Kf7 47. Qe6+ Qxe6 48. dxe6+ Kxe6 49. Ke4 Kf6 50. Kd5 Kf5 51. Kxd6 Kg4 52. Kc7 Kxh4 53. Kxb7 1-0

[Event "ESP-ch U12"]
[Site "Salobrena Granada"]
[Date "2017.07.10"]
[Round "2"]
[White "Karunanithi, Bharath"]
[Black "Pedchenko Bondar, Alexandr"]
[Result "1-0"]
[WhiteElo "1457"]
[BlackElo "1746"]
[PlyCount "79"]
[EventDate "2017.07.10"]
[EventType "swiss"]
[EventRounds "9"]
[EventCountry "ESP"]
[SourceTitle "EXT 2024"]
[Source "ChessBase"]
[SourceDate "2023.10.10"]
[SourceVersion "1"]
[SourceVersionDate "2023.10.10"]
[SourceQuality "1"]

1. d4 Nf6 2. c4 d6 3. Nf3 g6 4. Nc3 Bg7 5. h3 a6 6. Bf4 0-0 7. e3 Nbd7 8. Be2 h6 9. 0-0 Re8 10. Bh2 b6 11. a3 Bb7 12. Qc2 Rb8 13. a4 c5 14. Rad1 Rc8 15. Ne1 e5 16. Bf3 Bxf3 17. Nxf3 cxd4 18. exd4 e4 19. Nd2 d5 20. cxd5 e3 21. fxe3 Nxd5 22. Qb3 Nxe3 23. Rxf7 Kh8 24. Re1 Bxd4 25. Kh1 Nc5 26. Qa2 Bxc3 27. bxc3 Nd3 28. Re2 Qg5 29. Nf3 Qc5 30. Qb1 Rcd8 31. Rd2 Nf2+ 32. Kg1 Rxd2 33. Nxd2 Nf5 34. Rc7 Nxh3+ 35. Kh1 Nf2+ 36. Kg1 Qe3 37. Nc4 Nh3+ 38. Kh1 Qf2 39. Ne5 Rxe5 40. Bxe5+ 1-0

[Event "ESP-ch U10"]
[Site "Granada"]
[Date "2016.06.30"]
[Round "6"]
[White "Karunanithi, Bharath"]
[Black "Vergara Anton, Diego"]
[Result "0-1"]
[WhiteElo "1316"]
[BlackElo "1420"]
[PlyCount "94"]
[EventDate "2016.06.27"]
[EventType "swiss"]
[EventRounds "9"]
[EventCountry "ESP"]
[SourceTitle "EXT 2024"]
[Source "ChessBase"]
[SourceDate "2023.10.10"]
[SourceVersion "1"]
[SourceVersionDate "2023.10.10"]
[SourceQuality "1"]

1. d4 d5 2. c4 e6 3. Nf3 Nf6 4. Nc3 Be7 5. Bf4 a6 6. e3 b6 7. cxd5 exd5 8. Qc2 0-0 9. Bd3 Nbd7 10. 0-0 h6 11. Rac1 c5 12. b3 Bb7 13. Ne5 Rc8 14. Qb1 cxd4 15. exd4 Nxe5 16. Bxe5 Ng4 17. Bg3 Nf6 18. Qb2 Bd6 19. Bh4 Re8 20. Bg3 Ne4 21. Bxd6 Qxd6 22. f3 Nf6 23. Rfe1 Rxe1+ 24. Rxe1 Qb4 25. Re3 Qxd4 26. Nd1 Qxb2 27. Nxb2 Kf8 28. Re1 Nd7 29. Bf5 Rc7 30. Nd3 g6 31. Bxd7 Rxd7 32. Ne5 Re7 33. Kf2 Kg7 34. Nd3 Rxe1 35. Nxe1 Kf6 36. Ke2 Ke5 37. Kd3 Bc6 38. a4 Bd7 39. Ke3 d4+ 40. Kd3 Be6 41. b4 Bb3 42. a5 b5 43. Nc2 Bxc2+ 44. Kxc2 Kd5 45. Kd3 f5 46. h4 f4 47. Ke2 Ke5 0-1